Score 0/22 Timer 02:00
0 Plays Today
Movie Missing Word % Correct
Saturday _____ FeverNight
97.7%
_____ FictionPulp
96.2%
Two of a _____Kind
92.1%
Look Who's _____Talking
86.6%
The _____ Red LineThin
74.5%
Face-_____Off
73.4%
The _____ of Pelham 1 2 3Taking
72.5%
_____ HogsWild
67.2%
_____ AliveStaying
60%
_____ ArrowBroken
53.1%
Get _____Shorty
53.1%
Movie Missing Word % Correct
The General's _____Daughter
51.2%
Battlefield _____: A Saga of the Year 3000Earth
43.7%
_____ 49Ladder
43.7%
Urban _____Cowboy
41.4%
Primary _____Colors
39.3%
_____ DogsOld
39.2%
From _____ with LoveParis
29.5%
Be _____Cool
28.3%
White Man's _____Burden
18.6%
Domestic _____Disturbance
17.5%
A _____ ActionCivil
14.3%

Today's Daily Dose

Remove Ads.
Support Sporcle.
Get the best of Sporcle when you Go Orange. This ad-free experience offers more features, more stats, and more fun while also helping to support Sporcle. Thank you for becoming a member.

You're not logged in!

Compare scores with friends on all Sporcle quizzes.
OR
Log In

Show Comments

Extras

Top Quizzes Today


Score Distribution

Your Account Isn't Verified!

In order to create a playlist on Sporcle, you need to verify the email address you used during registration. Go to your Sporcle Settings to finish the process.

Report this User

Report this user for behavior that violates our Community Guidelines.

Details: